Chuyên đề bồi dưỡng giáo viên trung học phổ thông môn Ngữ Văn
Sách nói về thi pháp học hiện đại với việc tiếp cận tác phẩm văn học châu Á trong nhà trường trung học phổ thông ; Tự sự và việc phân tích truyện ngắn hiện đại trong chương trình trung học phổ thông ; Mấy vấn đề dạy học lí luận văn h...
Wedi'i Gadw mewn:
| Fformat: | Llyfr |
|---|---|
| Iaith: | Undetermined |
| Cyhoeddwyd: |
Hà Nội
Đại học Quốc gia Hà Nội
2013
|
| Pynciau: | |
| Tagiau: |
Ychwanegu Tag
Dim Tagiau, Byddwch y cyntaf i dagio'r cofnod hwn!
|
| Thư viện lưu trữ: | Trung tâm Học liệu Trường Đại học Cần Thơ |
|---|
| LEADER | 01385nam a2200217Ia 4500 | ||
|---|---|---|---|
| 001 | CTU_210629 | ||
| 008 | 210402s9999 xx 000 0 und d | ||
| 082 | |a 495.9220712 | ||
| 082 | |b Ch527 | ||
| 245 | 0 | |a Chuyên đề bồi dưỡng giáo viên trung học phổ thông môn Ngữ Văn | |
| 245 | 0 | |c Nguyễn Thị Bích Hải ... [et al.] | |
| 260 | |a Hà Nội | ||
| 260 | |b Đại học Quốc gia Hà Nội | ||
| 260 | |c 2013 | ||
| 520 | |a Sách nói về thi pháp học hiện đại với việc tiếp cận tác phẩm văn học châu Á trong nhà trường trung học phổ thông ; Tự sự và việc phân tích truyện ngắn hiện đại trong chương trình trung học phổ thông ; Mấy vấn đề dạy học lí luận văn học ở trung học phổ thông ; Một số vấn đề về lí thuyết ngữ dụng học ; Dạy học ngữ văn ở trung học phổ thông theo các định hướng đổi mới. | ||
| 526 | |a Tổ chức thảo luận nhóm trong dạy học Ngữ văn | ||
| 526 | |b SPV620 | ||
| 650 | |a Philology,Ngữ văn | ||
| 650 | |x Study and teaching (secondary),Học và giảng dạy (trung học) | ||
| 904 | |i Qhieu | ||
| 980 | |a Trung tâm Học liệu Trường Đại học Cần Thơ | ||